Get Drunk! - Sudden Death - Statistics

General Stats
  • This quiz has been taken 4,962 times
  • The average score is 6 of 16
Answers on the Grid
Answers color-coded by a green-red scale on the quiz's grid according to % correct below.
Austere
Besotted
Bibulous
Blabbery
Blotto
Bombed
Bullfrogged
Burnish
Catfished
Chalky
Crapulous
Crumbled
Crunk
Fletched
Frogged
Gespacho
Hammered
Harangued
Inebriated
Intoxicated
Inured
Maudlin
Oblong
Pastried
Pickled
Plastered
Plumed
Puffed
Russet
Soused
Stymied
Tipsy
Tuckered
Turnt
Vitiated
Wasted
 
Answer Stats
Answer % Correct
Tipsy
70%
Wasted
70%
Hammered
67%
Intoxicated
67%
Plastered
55%
Inebriated
53%
Bombed
44%
Pickled
35%
Turnt
31%
Blotto
29%
Crunk
29%
Soused
26%
Besotted
19%
Bibulous
12%
Crapulous
4%
Maudlin
3%
No matching quizzes found
Score Distribution
Percent of People with Each Score
Percentile by Number Answered
Your Score History
You have not taken this quiz